000 01100cam a2200361 4500
001 22842
003 SK-KTurca
005 20260429130428.0
008 230929s2023 xo g 010 f slo
015 _aSNBA2023/10
020 _a9788056911525
_q(viazané)
040 _aSNK
_bslo
_cSNK
_erda
041 0 _aslo
044 _axo
_cSK
072 7 _a821.162.4-3
_xSlovenská próza
_2konspekt
080 _a821.162.4-31
_22011
080 _a82-311.4
_22011
100 1 _aHrašková, Eva,
_d1988-
_4aut
245 1 0 _aHra s ilúziami
_cEva Hrašková
250 _a1. vydanie
264 1 _aBratislava
_bMarenčin PT
_c2023
300 _a252 strán
_c21 cm
336 _atext
_btxt
_2rdacontent
337 _abez média
_bn
_2rdamedia
338 _azväzok
_bnc
_2rdacarrier
500 _aObsahuje biografické údaje o autorke na záložke prebalu publikácie
655 7 _aslovenské romány
_2SNKPH
655 7 _aspoločenské romány
_2SNKPH
655 7 _aSlovak fiction
_2SNKPHeng
655 7 _aSociety novels
_2SNKPHeng
942 _2ddc
_cKLDO
_n0
999 _c22842
_d22842